000 02410cam a2200385 i 4500
001 21721597
005 20260606142234.0
008 200917s2021 ii a 000 0 eng
010 _a 2020946311
020 _a9789353886233
_q(paperback)
020 _z9789353886240
_q(ebook)
020 _z9789353886257
_q(ebook)
035 _a21721597
040 _aDLC
_beng
_erda
_cDLC
042 _apcc
050 0 0 _aHF5549.A3
_bA47 2021
082 _a658.3008
100 1 _aAgrawal, Soni,
_eauthor.
245 1 0 _aGreen HRM :
_ba climate-conscious route to triple bottom line /
_cSoni Agrawal, Roma Puri.
264 1 _aNew Delhi ;
_aThousand Oaks California :
_bSAGE Publishing,
_c2021.
300 _axx, 245 pages :
_billustrations ;
_c24 cm.
336 _atext
_btxt
_2rdacontent
337 _aunmediated
_bn
_2rdamedia
338 _avolume
_bnc
_2rdacarrier
520 _a"HR's strategic role in an organisation can help save the planet while driving profits for the company! Do organizations see sustainability as a solo initiative of a department to fulfil statutory requirements or is it an investment towards the well-being of people, planet and profitability? If so, then how important is the contribution of HR towards the greening of an organization? The book is an industrious guide on Green HRM and sustainability practices towards fulfilling the three-pronged goals of triple bottom line. Through the success stories of employees as change agents, it showcases how Green HRM can mesh sustainability with strategy by linking organizational factors such as vision and mission, leadership, organizational culture and employees' pro-environmental attitude with the organization's profit goals. 'A timely book when the entire world is experiencing the coronavirus pandemic.' -Mussarat Hussain, Head, Leadership & Functional School, Maruti Suzuki"--
_cProvided by publisher.
650 0 _aPersonnel management
_xEnvironmentall aspects.
650 0 _aGreen movement.
650 0 _aSustainable development.
650 0 _aSocial responsibility of business.
700 1 _aPuri, Roma,
_eauthor.
856 _uhttps://sk.sagepub.com/books/green-hrm
_yRead SAGE E-Book
906 _a7
_bcbc
_corignew
_d2
_eepcn
_f20
_gy-gencatlg
942 _2ddc
_cEBOOK
999 _c44746
_d44746